000
00331nam a22001457a 4500
008
210604b ||||| |||| 00| 0 eng d
020
_a
9781256763765
041
_a
eng
080
_2
3rd
_a
510
082
_a
510
100
_a
38
101
_a
MAT
245
_a
Beginning and Intermediate Algebra
_c
Elayn M. Gay
942
_2
udc
_c
BK
999
_c
57982
_d
57982